6 Fictional Languages You Can Really Learn - Statistics

General Stats
  • This quiz has been taken 70 times
  • The average score is 3 of 6
Answer Stats
Picture Hint Answer % Correct
Star Trek Klingon
97%
The works of J.R.R. Tolkien Elvish
80%
Game of Thrones Dothraki
51%
Avatar Na’vi
49%
Futurama Alienese/Alien Language
8%
Watership Down Lapine
3%
No matching quizzes found
Score Distribution
Percent of People with Each Score
Percentile by Number Answered
Your Score History
You have not taken this quiz